000 01992nam a22003135a 4500
001 BFX7981BB
005 20160717120543.0
008 890605t2012 ua frd 000 0 mul d
020 _a9789771304012
035 _a(OCoLC)ocm19816586
040 _aIUL
_beng
_cIUL
_dEG-ScBUE
041 0 _aeng
_afre
_aara
082 0 4 _a332.03
_bELA
_222
100 1 _aEl Assiouty, Magdi Nafed.
_940330
245 1 0 _aUpdated Banking and financial dictionary :
_bEnglish, French, Arabic /
_cby Magdi Nafed El Assiouty ; with the collaboration of Amal M. El Assiouty, Salwa M. El Assiouty, Adel M. El Assiouty = معجم المصطلحات المصرفية والمالية : إنجليزي - فرنسي - عربي / إعداد مجدي نافد الأسيوطي ؛ بالإشتراك مع أمال مجدي الأسيوطي، سلوى مجدي الأسيوطي، عادل مجدي الأسيوطي.
250 _a5th Updated ed.
260 _aCairo :
_b[M. N. El Assiouty],
_cc.2012.
300 _a1319 p. ;
_c24 cm.
520 _aFifth edition including latest international and numerical terms in : Banking, Finance, Commerce, Cyber Commerce, Customs, Economics, e-Transaction, Export, Import, Insurance, Law, Stock Exchange, Internet ... = الطبعة الخامسة ويتضمن أحدث المصطلحات الدولية الرقمية في : المصارف، المال، التجارة الإلكترونية، الجمارك، الاقتصاد، الصفقات الإلكترونية، التصدير، الاستيراد، التأمين، القانون، سوق المال، الإنترنت ...
546 _aText in English, French and Arabic.
650 0 _aFinance
_vDictionaries.
_2BUEsh
_919576
650 0 _aBanks and banking
_vDictionaries.
_2BUEsh
_940073
651 _2BUEsh
653 _bEEENG
_cJuly2016
700 1 _aEl Assiouty, Amal Magdi,
_econtributor.
700 1 _aEl Assiouty, Salwa Magdi,
_econtributor.
700 1 _aEl Assiouty, Adel Magdi,
_econtributor.
942 _2ddc
999 _c21965
_d21937